000 00903nam a2200265 i 4500
001 000026534
003 DO-SdBNP
005 20250722144906.0
007 ta
008 110322s2001 dr 000 0 spa d
040 _aDO-SdBNP
_bspa
_cBNPHU
_erda
082 _axxx
_bR434
_222
110 _aSanto Domingo (República Dominicana). Ayuntamiento del Distrito Nacional
_964186
245 0 0 _aResoluciones emitidas por la sala capitular, Enero-agosto 2001
264 _aSanto Domingo :
_bAyuntamiento del Distrito Nacional,
_c2001
300 _avolumen ;
_c22 cm.
336 _2rdacontent
_atexto
_btxt
337 _2rdamedia
_asin mediación
_bn
338 _2rdacarrier
_avolumen
_bnc
590 _ainventariado, 2023 / DG
650 0 _aGobierno municipal
_zRepública Dominicana - Santo Domingo
_917207
650 4 _aGobierno local
_zRepública Dominicana
_937338
910 _aDG
942 _2ddc
_cLBS1
999 _c53241
_d53241